Представление документа в формате MARC21

Поле Инд. ПП Название Значение
Тип записи a
Библиографический уровень b
001 Контрольный номер RU/IS/BASE/264552541
005 Дата корректировки 20200522190611.4
008 Кодируемые данные 19950908
084 a Индекс другой классификации/Индекс ББК 28.681; 28.693.32-81; 28.081
097 00 a 750
100 10 a Автор Михайленко В. Г.
245 00 a Заглавие Жизнестойкость аномальных личинок арктического гольца
504 00 a Библиография Библиогр.: с. 53 - 56
650 a Основная рубрика биология
a Основная рубрика биоэкология
a Основная рубрика зоология
a Основная рубрика экология
653 00 a Ключевые слова salvelinus alpinus L.
a Ключевые слова арктический голец
a Ключевые слова животные
a Ключевые слова ихтиология
a Ключевые слова личинки
a Ключевые слова рыбы
a Ключевые слова физиология животных
a Ключевые слова экология животных
773 00 t Заглавие источника Экология
d Дата издания источника 1995
g Прочая информация № 1. - C. 53 - 56
w Контрольный № источника RU/IS/BASE/102783508
901 t Тип документа b